000 00847nas a2200289 4500
001 BR2012001830
003 BR-BrBNA
005 20231205120313.0
007 ta
008 230509b bl.|||p| |||| 00| 00por d
040 _aBR-BrBNA
_bpor
_cBiblioteca Nacional de Agricultura
041 _a(Pt)
072 _aL70; L53
100 1 _aFernandes, C.A. de C.
100 1 _aOba, E.
100 1 _aViana, J.H.M.
100 1 _aFerreira, A. de M.
245 1 _aAlternativas para tratamento de cistos ovarianos em vacas leiteiras
650 _aVACA LEITEIRA
650 _aAPARELHO REPRODUTOR
650 _aOVÁRIO
650 _aCISTO
650 _aTRATAMENTO
773 0 _tA Hora Veterinária (Brazil)
_xISSN 0101-9163
_g(Mar-Apr 2004), v. 23(138) p. 11-15
_wBR2012001830
909 _a202311
_bLúcia
_c55
_dLúcia Elande
942 _2AGRIS
_n0
_cANA
999 _c217848
_d217848